| 000 | 00733nam a22002177a 4500 | ||
|---|---|---|---|
| 003 | UA-OsUOA | ||
| 001 | 108447 | ||
| 007 | ta | ||
| 008 | 20141020b un ||||| |||| 00| 0 ukr d | ||
| 100 | _aВерховод І. | ||
| 090 |
_a330(477) _bВ36 |
||
| 942 | _cSA | ||
| 040 |
_aUA-OsUOA _bukr _cUA-OsUOA _dUA-OsUOA |
||
| 245 | _aТеоретичні основи ідентифікації та принципи реформування соціальної сфери економіки сучасної України | ||
| 300 | _aС.28-38 | ||
| 955 | _a0 | ||
| 041 | _aukr | ||
| 080 | _a330(477) | ||
| 773 | 0 |
_w108444 _tУкраїна: аспекти праці _dК. _d2014 _g6 |
|
| 650 | 7 |
_a330 Економіка взагалі _2UDC |
|
| 999 |
_c394255 _d394255 |
||